OECD Journal on development
Gespeichert in:
| Format: | Schriftenreihe |
|---|---|
| Sprache: | Englisch |
| Veröffentlicht: |
Paris
OECD
2006
|
| Schlagworte: | |
| Tags: |
Keine Tags, Fügen Sie das erste Tag hinzu!
|
MARC
| LEADER | 00000nas2a2200000$$$4500 | ||
|---|---|---|---|
| 001 | 0109697 | ||
| 005 | 20100202084055.6 | ||
| 022 | |a 1816-8124 | ||
| 041 | 0 | |a eng | |
| 044 | |a FR | ||
| 245 | 1 | 0 | |a OECD Journal on development |
| 264 | 1 | |a Paris |b OECD |c 2006 | |
| 773 | 0 | |w eu_un_cat*0055489 | |
| 610 | 2 | 0 | |a spolupráca hospodárska medzinárodná |
| 610 | 2 | 0 | |a OECD |